#HGGSP Faire la guerre/Faire la paix - Statistiques

Statistiques générales
  • Ce quiz a été pris 320 fois
    317 depuis la dernière actualisation
  • Le résultat moyen est 6 sur 17
Statistiques - réponses
Hint Réponse % Correct
Affrontement violent armé et organisé dans le but de résorber un différend Guerre
97%
Guerre dans laquelle toute l'économie d'un pays est mise à contribution pour pouvoir faire la guerre Guerre totale
73%
Idéologie politique visant à installer un foyer national juif en Palestine Sionnisme
60%
Opposition entre deux ou plusieurs acteurs, qui n'est pas forcément violent et qui peut se résoudre pacifiquement Conflit
53%
Nom afin de désigner un affrontement entre une armée avec une autre Guerre interétatique
43%
Conflit qui oppose des combattants dont la force sont incomparables, comme une coalition internationale contre le terrorisme au Proche-Orient Conflit Asymétrique
41%
Guerre dans laquelle s'inscrit un but d'anéantir complètement l'ennemi sans que des négociations soient possibles Guerre d'anéantissement
40%
Autre nom afin de nommer une guerre civile Guerre intraétatique
39%
Mouvement idéologique, politique et culturel visant à unifier tout les peuples arabes Panarabisme
31%
Absence de guerre mais tensions présentes et parfois fort paix négative
26%
Situations entre deux acteurs qui définit un type de paix (reconnaissance mutuelle, sécurité, résolution non violente des conflits, coopération) paix positive
24%
Possibilité des acteurs d'intervenir sur le territoire d'un état sans consentement en cas de violences massives des droits humains Droit d'ingérence
22%
Cette guerre prend la forme de conflit armé entre des acteurs étatiques et non étatiques Guerre irrégulière
22%
Type de guerre conventionnelle et adapté au modèle de Clausewitz, une armée se bat contre une autre armée Guerre réguliére
21%
être humain âgé de moins de 18 ans qui est impliqué de manière directe ou indirecte dans un conflit enfant soldat
9%
Degré d'intensité d'un conflit (Situation intermédiaire entre guerre et paix) échelle de conflictualité
2%
Soulèvement populaire visant à renverser le pouvoir en place Insurrections
1%
Aucun quiz correspondant
Distribution des résultats
% des personnes avec chaque résultat
Percentile par nombre de réponses
Votre historique - résultats
Vous n’avez pas pris ce quiz depuis la dernière actualisation